[Event "SV Welper 1 - Bielefelder SK 1"]
[Site "NRW-Klasse - Gruppe 1 2019/20"]
[Date "2020.02.02"]
[Round "6.2"]
[White "Kemna, Guido"]
[Black "Gruen, Gerd-Peter"]
[Result "1-0"]
[WhiteElo "2135"]
[BlackElo "2232"]
[PlyCount "59"]
[EventDate "2020.??.??"]
[SourceVersionDate "2020.03.16"]
[WhiteTeam "SV Welper 1"]
[BlackTeam "Bielefelder SK 1"]

1. d4 Nf6 2. Bf4 e6 3. e3 c5 4. c3 b6 5. Bd3 Bb7 6. Nf3 Nh5 7. Bg3 Be7 8. O-O
O-O 9. Ne5 Nxg3 10. fxg3 g6 11. Bc2 d6 12. Nd3 Bg5 13. Qe1 Nd7 14. Nd2 Rc8 15.
Nf3 Bh6 16. Rd1 Qe7 17. Bb1 f5 18. Nf2 Nf6 19. e4 fxe4 20. Bxe4 Nxe4 21. Nxe4
cxd4 22. Rxd4 Bg7 23. Rd1 d5 24. Ned2 e5 25. Qe2 Rce8 26. Kh1 e4 27. Nd4 Bxd4
28. cxd4 Qb4 29. Nb3 a5 30. Qg4 1-0

[Event "SV Welper 1 - Bielefelder SK 1"]
[Site "NRW-Klasse - Gruppe 1 2019/20"]
[Date "2020.02.02"]
[Round "6.3"]
[White "Simon, Hans Christian"]
[Black "Schaller, Fabian"]
[Result "1-0"]
[WhiteElo "2167"]
[BlackElo "2036"]
[PlyCount "69"]
[EventDate "2020.??.??"]
[SourceVersionDate "2020.03.16"]
[WhiteTeam "Bielefelder SK 1"]
[BlackTeam "SV Welper 1"]

1. Nf3 Nf6 2. c4 b6 3. g3 Bb7 4. Bg2 g6 5. d4 Bg7 6. d5 O-O 7. Nc3 c6 8. O-O d6
9. Nd4 Qc8 10. h3 cxd5 11. cxd5 Qc4 12. Be3 Nbd7 13. Rc1 Qa6 14. Nc6 Bxc6 15.
dxc6 Ne5 16. Bd4 Rac8 17. Bxe5 dxe5 18. Qb3 e4 19. Nb5 Qa5 20. c7 a6 21. Na7 b5
22. Nxc8 Rxc8 23. Qa3 Qxa3 24. bxa3 Nd5 25. Rfd1 Nxc7 26. Bxe4 Be5 27. f4 Bd6
28. Rxd6 exd6 29. Bb7 Re8 30. Rxc7 Rxe2 31. Bd5 Re3 32. Kf2 Rxa3 33. Bxf7+ Kg7
34. Bb3+ Kf6 35. Rf7# 1-0

[Event "SV Welper 1 - Bielefelder SK 1"]
[Site "NRW-Klasse - Gruppe 1 2019/20"]
[Date "2020.02.02"]
[Round "6.4"]
[White "Linde, Wolfgang"]
[Black "Goeßling, Guido"]
[Result "1-0"]
[WhiteElo "2117"]
[BlackElo "2128"]
[PlyCount "129"]
[EventDate "2020.??.??"]
[SourceVersionDate "2020.03.16"]
[WhiteTeam "SV Welper 1"]
[BlackTeam "Bielefelder SK 1"]

1. e4 e5 2. Nf3 Nc6 3. Bb5 Bc5 4. c3 f5 5. d4 fxe4 6. Bxc6 dxc6 7. Nxe5 Bd6 8.
Qh5+ g6 9. Qe2 Bf5 10. Bf4 Qh4 11. Bg3 Qh6 12. Nd2 Nf6 13. O-O O-O 14. Ndc4 Nh5
15. Rae1 Rae8 16. Qe3 g5 17. h4 Be7 18. Bh2 Nf4 19. Nd2 Qxh4 20. Nxe4 h6 21.
Bg3 Qh5 22. Bxf4 gxf4 23. Qxf4 Be6 24. Qh2 Qxh2+ 25. Kxh2 Bxa2 26. Nd7 Kf7 27.
Nxf8 Rxf8 28. Re3 Kg7 29. g3 Bd5 30. f4 h5 31. Nd2 Bf6 32. Nf3 a5 33. Ne5 b5
34. Nd7 Rf7 35. Nxf6 Kxf6 36. Re5 Rh7 37. Ra1 a4 38. Rae1 Rh8 39. Re7 Ra8 40.
Rh7 Bf7 41. Re5 a3 42. bxa3 Bd5 43. Rhxh5 Rxa3 44. Rxd5 cxd5 45. Rxd5 Rxc3 46.
Rxb5 Rc4 47. Rc5 Rxd4 48. Rxc7 Kf5 49. Kh3 Rd1 50. Rc5+ Kg6 51. Kg4 Ra1 52.
Rc6+ Kg7 53. Kg5 Ra5+ 54. f5 Rb5 55. g4 Ra5 56. Rc7+ Kg8 57. Kg6 Ra8 58. g5 Rb8
59. f6 Ra8 60. Rd7 Rb8 61. Kf5 Ra8 62. g6 Rb8 63. Ke6 Re8+ 64. Kd6 Rf8 65. Ke7
1-0

[Event "SV Welper 1 - Bielefelder SK 1"]
[Site "NRW-Klasse - Gruppe 1 2019/20"]
[Date "2020.02.02"]
[Round "6.5"]
[White "Roemhild, Marcus"]
[Black "Adiyaman, Rene"]
[Result "1-0"]
[WhiteElo "2029"]
[BlackElo "2097"]
[PlyCount "117"]
[EventDate "2020.??.??"]
[SourceVersionDate "2020.03.16"]
[WhiteTeam "Bielefelder SK 1"]
[BlackTeam "SV Welper 1"]

1. c4 Nf6 2. g3 e5 3. Bg2 c6 4. Nf3 e4 5. Nd4 Bc5 6. Nb3 Be7 7. Nc3 d5 8. cxd5
cxd5 9. d3 exd3 10. Qxd3 Nc6 11. O-O O-O 12. Nxd5 Nxd5 13. Qxd5 Be6 14. Qxd8
Rfxd8 15. Be3 Nb4 16. Bc5 Bxc5 17. Nxc5 Bxa2 18. Nxb7 Rd2 19. Nc5 Re8 20. Na6
Nxa6 21. Rxa2 Nb4 22. Rxa7 Rdxe2 23. b3 Rd2 24. Rb7 Rd4 25. Rc1 g6 26. Bf1 Nd3
27. Rcc7 Ne5 28. Kg2 Rd2 29. h3 Re6 30. Rb4 Rf6 31. Rf4 Rxf4 32. gxf4 Nd3 33.
Bxd3 Rxd3 34. Rb7 Kg7 35. b4 h5 36. b5 Kf6 37. h4 Ke6 38. b6 Rb3 39. f3 f6 40.
Rb8 Kf5 41. Kg3 Rb2 42. Rb7 Rb4 43. Rb8 Rxf4 44. Rc8 Rb4 45. Rc5+ Ke6 46. Rc6+
Ke5 47. Kf2 Rxh4 48. Rc5+ Kd6 49. Rb5 Rh2+ 50. Kg3 Re2 51. b7 Re8 52. b8=Q+
Rxb8 53. Rxb8 g5 54. Rh8 h4+ 55. Kg4 Ke5 56. Re8+ Kd4 57. Kf5 h3 58. Rh8 Ke3
59. Rxh3 1-0

[Event "SV Welper 1 - Bielefelder SK 1"]
[Site "NRW-Klasse - Gruppe 1 2019/20"]
[Date "2020.02.02"]
[Round "6.6"]
[White "Conrad, Joachim"]
[Black "Doering, Carsten"]
[Result "1-0"]
[WhiteElo "2004"]
[BlackElo "1973"]
[PlyCount "51"]
[EventDate "2020.??.??"]
[SourceVersionDate "2020.03.16"]
[WhiteTeam "SV Welper 1"]
[BlackTeam "Bielefelder SK 1"]

1. d4 Nf6 2. Nf3 g6 3. Bg5 Bg7 4. e3 O-O 5. Be2 c5 6. c3 cxd4 7. exd4 d6 8. O-O
Nbd7 9. Nbd2 b6 10. Qc2 Bb7 11. Rad1 Qc7 12. Rfe1 Rfe8 13. Bb5 a6 14. Bd3 Rac8
15. a3 b5 16. Re2 Nf8 17. Bxf6 Bxf6 18. Be4 Ne6 19. Bxb7 Qxb7 20. Qe4 Qd7 21.
Rde1 Nd8 22. Qd3 e6 23. Nf1 Nb7 24. Ne3 Re7 25. Qe4 Na5 26. Qf4 1-0

[Event "SV Welper 1 - Bielefelder SK 1"]
[Site "NRW-Klasse - Gruppe 1 2019/20"]
[Date "2020.02.02"]
[Round "6.7"]
[White "Danielmeier, Ralf"]
[Black "Schaller, Torsten"]
[Result "1-0"]
[WhiteElo "2021"]
[BlackElo "1970"]
[PlyCount "87"]
[EventDate "2020.??.??"]
[SourceVersionDate "2020.03.16"]
[WhiteTeam "Bielefelder SK 1"]
[BlackTeam "SV Welper 1"]

1. e4 c5 2. Nc3 Nc6 3. Bb5 Nd4 4. Bc4 g6 5. Nge2 Bg7 6. Nxd4 cxd4 7. Qf3 e6 8.
Nb5 d6 9. Qa3 Bf8 10. Nxd4 Bd7 11. Qe3 Nf6 12. O-O Qc7 13. d3 Bg7 14. Nb5 Bxb5
15. Bxb5+ Ke7 16. Bd2 Nd7 17. d4 Qb6 18. Bxd7 Kxd7 19. Qf3 Rhf8 20. e5 d5 21.
c4 dxc4 22. d5 Bxe5 23. Bh6 Rfe8 24. Rad1 f5 25. Rfe1 Bd6 26. dxe6+ Kc7 27. Bf4
Rad8 28. Bg5 Be7 29. Qf4+ Kc8 30. Qxc4+ Kb8 31. Rxd8+ Qxd8 32. Bf4+ Ka8 33. Rc1
a6 34. b4 g5 35. Be5 Bf6 36. Bxf6 Qxf6 37. Re1 f4 38. a4 f3 39. e7 Kb8 40. Qd5
fxg2 41. Qd7 Qc6 42. Qd8+ Qc8 43. Rd1 h5 44. Qxe8 1-0

[Event "SV Welper 1 - Bielefelder SK 1"]
[Site "NRW-Klasse - Gruppe 1 2019/20"]
[Date "2020.02.02"]
[Round "6.8"]
[White "Bastians, Felix"]
[Black "Schnitker, Rainer"]
[Result "1/2-1/2"]
[WhiteElo "2107"]
[BlackElo "2028"]
[PlyCount "111"]
[EventDate "2020.??.??"]
[SourceVersionDate "2020.03.16"]
[WhiteTeam "SV Welper 1"]
[BlackTeam "Bielefelder SK 1"]

1. Nf3 g6 2. e4 c6 3. c4 d5 4. cxd5 cxd5 5. exd5 Nf6 6. d4 Nxd5 7. Ne5 Nc6 8.
Nxc6 bxc6 9. Be2 Bg7 10. O-O O-O 11. Bf3 Qb6 12. Nc3 Be6 13. Ne2 Rfd8 14. Qa4
a5 15. Rd1 Ra7 16. Bd2 Qb5 17. Qa3 Nb4 18. Bxb4 Qxb4 19. Qc3 Bd5 20. Rd3 Rb7
21. Rad1 Bxf3 22. Rxf3 c5 23. Qc1 Qxb2 24. dxc5 Rbd7 25. Rxd7 Qxc1+ 26. Nxc1
Rxd7 27. Rd3 Rc7 28. Rd8+ Bf8 29. Nd3 Kg7 30. Ra8 e5 31. Rxa5 e4 32. Ne1 Bxc5
33. Kf1 f5 34. Rb5 Bd4 35. Rd5 Rc4 36. f3 Bb6 37. fxe4 fxe4 38. Rb5 Bd4 39. a3
Bc5 40. a4 Bd6 41. Rb2 Rxa4 42. h3 Kf6 43. Ke2 Bc5 44. Nc2 Ke5 45. Rb5 Kd6 46.
Rb2 Rc4 47. Kd2 h5 48. Ra2 Ke5 49. Ra6 Kf5 50. g4+ hxg4 51. hxg4+ Kg5 52. Re6
Ra4 53. Re5+ Kxg4 54. Rxc5 Kf4 55. Rc8 Ra5 56. Ke2 1/2-1/2

[Event "SG Bochum 2 - SK Werther 1"]
[Site "NRW-Klasse - Gruppe 1 2019/20"]
[Date "2020.02.02"]
[Round "6.2"]
[White "Wuebker, Paul-Luca"]
[Black "Freiberger, Jonas"]
[Result "1/2-1/2"]
[WhiteElo "2069"]
[BlackElo "2154"]
[PlyCount "115"]
[EventDate "2020.??.??"]
[SourceVersionDate "2020.03.16"]
[WhiteTeam "SG Bochum 2"]
[BlackTeam "SK Werther 1"]

1. d4 e6 2. c4 f5 3. g3 Nf6 4. Bg2 g6 5. Nf3 Bg7 6. O-O O-O 7. b3 d6 8. Bb2 Ne4
9. Nbd2 Nc6 10. Ne1 Nxd2 11. Qxd2 e5 12. Bd5+ Kh8 13. Bxc6 bxc6 14. dxe5 dxe5
15. Rd1 Qe7 16. Qa5 Re8 17. Nd3 f4 18. Qc5 Bh3 19. Qxe7 Rxe7 20. Rfe1 g5 21.
Nc5 e4 22. Bxg7+ Kxg7 23. f3 e3 24. Rd4 Rf8 25. Red1 h5 26. Nd3 fxg3 27. hxg3
Bf5 28. Ne1 Kf6 29. Ng2 Rh8 30. Rd8 Rxd8 31. Rxd8 Bb1 32. a3 Bc2 33. b4 Bb3 34.
Rd4 Bc2 35. c5 Bf5 36. g4 hxg4 37. fxg4 Bc8 38. Rc4 Ba6 39. Rc3 Bxe2 40. Nxe3
Re4 41. Kf2 Bxg4 42. Nxg4+ Rxg4 43. Rd3 Rf4+ 44. Kg3 Ke7 45. Re3+ Kd7 46. Re5
Rc4 47. Rxg5 Rc3+ 48. Kf2 Rxa3 49. Ke2 Rh3 50. Kd2 Kc8 51. Kc2 Kb7 52. Rg6 Rh5
53. Kb3 Rh1 54. Rf6 Rc1 55. Kb2 Rh1 56. Kb3 Rh3+ 57. Kc4 Rh1 58. Kb3 1/2-1/2

[Event "SG Bochum 2 - SK Werther 1"]
[Site "NRW-Klasse - Gruppe 1 2019/20"]
[Date "2020.02.02"]
[Round "6.3"]
[White "Suchland, Marko"]
[Black "Biermann, Lenhard"]
[Result "1-0"]
[WhiteElo "2167"]
[BlackElo "2024"]
[Annotator "Daniel"]
[PlyCount "113"]
[EventDate "2020.??.??"]
[SourceVersionDate "2020.03.16"]
[WhiteTeam "SK Werther 1"]
[BlackTeam "SG Bochum 2"]

1. e4 e6 2. d4 d5 3. Nd2 Nf6 4. e5 Nfd7 5. Bd3 c5 6. c3 Nc6 7. Ngf3 g6 8. O-O
Bg7 9. Re1 O-O 10. dxc5 Ncxe5 11. Nxe5 Nxe5 12. Nf3 Nxf3+ 13. Qxf3 e5 14. Bc2
Be6 15. Be3 Qc7 16. Qg3 Rac8 17. Bb3 Rfe8 18. h4 d4 19. cxd4 exd4 20. Bf4 Qxc5
21. Bxe6 fxe6 22. Be5 Bxe5 23. Rxe5 Qd6 24. h5 Kg7 25. h6+ Kg8 26. Rd1 Rcd8 27.
Rd3 Rd7 28. Qf4 Rf8 29. Qe4 Rf6 30. g4 $11 Kf7 31. Kg2 Kf8 32. g5 Rf5 33. Rxe6
Qd5 34. f4 Rxf4 35. Re8+ Kf7 36. Re7+ Kg8 37. Re8+ Rf8 38. Rxf8+ Kxf8 39. Rf3+
Qf7 40. Rxf7+ Kxf7 41. Qd3 Ke8 42. Kf3 Rf7+ 43. Ke2 Rd7 44. Kd2 Kd8 45. Qa3 b6
46. Kd3 Kc8 47. Qf8+ Rd8 48. Qg7 Rd7 49. b4 Kc7 50. a4 Kc8 51. Qf8+ Rd8 52. Qf3
Kc7 53. Qe4 a6 54. b5 axb5 55. axb5 Rd6 56. Qe8 Rd7 57. Qa8 1-0

[Event "SG Bochum 2 - SK Werther 1"]
[Site "NRW-Klasse - Gruppe 1 2019/20"]
[Date "2020.02.02"]
[Round "6.4"]
[White "Biermann, Florian"]
[Black "Goecke, Karl Ulrich"]
[Result "1/2-1/2"]
[WhiteElo "2077"]
[BlackElo "2140"]
[PlyCount "56"]
[EventDate "2020.??.??"]
[SourceVersionDate "2020.03.16"]
[WhiteTeam "SG Bochum 2"]
[BlackTeam "SK Werther 1"]

1. e4 e6 2. d4 d5 3. Nd2 a6 4. Ngf3 c5 5. c3 cxd4 6. cxd4 dxe4 7. Nxe4 Bb4+ 8.
Bd2 Bxd2+ 9. Qxd2 Nf6 10. Nc3 O-O 11. a4 Nc6 12. Rd1 Qa5 13. Bc4 e5 14. d5 e4
15. Nd4 Ne5 16. Be2 Nxd5 17. Nb3 Qb4 18. Qxd5 Nd3+ 19. Bxd3 exd3 20. Nc1 Re8+
21. Kf1 Be6 22. Nxd3 Qxc3 23. Qxe6 Qxd3+ 24. Rxd3 Rxe6 25. g3 Rb6 26. b3 g6 27.
Kg2 Rc8 28. Re1 Rc7 1/2-1/2

[Event "SG Bochum 2 - SK Werther 1"]
[Site "NRW-Klasse - Gruppe 1 2019/20"]
[Date "2020.02.02"]
[Round "6.5"]
[White "Ortpaul, Mario"]
[Black "Mazarov, Juergen"]
[Result "0-1"]
[WhiteElo "1885"]
[BlackElo "2040"]
[PlyCount "134"]
[EventDate "2020.??.??"]
[SourceVersionDate "2020.03.16"]
[WhiteTeam "SK Werther 1"]
[BlackTeam "SG Bochum 2"]

1. Nf3 c5 2. e4 d6 3. d4 cxd4 4. Nxd4 Nf6 5. f3 a6 6. c4 e6 7. Nc3 Be7 8. Be3
Qc7 9. Be2 O-O 10. Qd2 Nbd7 11. Rc1 b6 12. O-O Bb7 13. g4 Rac8 14. g5 Ne8 15.
f4 Qd8 16. Bd3 Nc7 17. Qe2 e5 18. Nf3 exf4 19. Bxf4 Ne6 20. Be3 Nxg5 21. Bxg5
Bxg5 22. Rcd1 Bf6 23. Nd5 Bxd5 24. cxd5 a5 25. Ba6 Rc5 26. Bb5 Qc7 27. Bc6 Nb8
28. Ba4 b5 29. Bxb5 Rc2 30. Rd2 Rxd2 31. Nxd2 Bxb2 32. Bc4 g6 33. Rb1 Bg7 34.
Rb5 Nd7 35. Nf3 Re8 36. Bd3 f5 37. Qc2 Qxc2 38. Bxc2 fxe4 39. Ng5 e3 40. Ne6
Nc5 41. Kf1 Nxe6 42. dxe6 Rxe6 43. Ke2 Re8 44. Bb3+ Kh8 45. Rxa5 Bd4 46. Bd5
Bc5 47. Bf3 Rb8 48. Ra8 Rxa8 49. Bxa8 Kg7 50. Bf3 Kf6 51. Kd3 Kg5 52. Bg2 Kf4
53. a4 Bb6 54. Ke2 g5 55. Bd5 h5 56. Bf7 Kg4 57. Be6+ Kh4 58. Kf1 g4 59. Bc4
Kh3 60. Bf7 Kxh2 61. Bxh5 g3 62. Bf3 g2+ 63. Bxg2 e2+ 64. Kxe2 Kxg2 65. Kd3 Kf3
66. Kc4 Ke4 67. Kb5 Be3 0-1

[Event "SG Bochum 2 - SK Werther 1"]
[Site "NRW-Klasse - Gruppe 1 2019/20"]
[Date "2020.02.02"]
[Round "6.6"]
[White "Zeldin, Vitali"]
[Black "Hufendiek, Ekkehard"]
[Result "1-0"]
[WhiteElo "1946"]
[BlackElo "1902"]
[PlyCount "115"]
[EventDate "2020.??.??"]
[SourceVersionDate "2020.03.16"]
[WhiteTeam "SG Bochum 2"]
[BlackTeam "SK Werther 1"]

1. e4 e5 2. Nf3 Nc6 3. Bb5 Nd4 4. Nxd4 exd4 5. O-O Bc5 6. d3 c6 7. Bc4 d5 8.
exd5 cxd5 9. Bb5+ Kf8 10. Re1 Be6 11. Ba4 Qf6 12. Nd2 h5 13. Qf3 a6 14. Qxf6
Nxf6 15. h3 g5 16. Nf3 g4 17. Ng5 Bf5 18. h4 Rd8 19. Bf4 Bd6 20. Be5 Bxe5 21.
Rxe5 Bc8 22. Rae1 Kg7 23. Re7 Rhf8 24. Rc7 b5 25. Bb3 Rd7 26. Re7 Rxe7 27. Rxe7
Ng8 28. Rc7 Nf6 29. a4 bxa4 30. Bxa4 Kg6 31. Bc6 Be6 32. b4 Rd8 33. g3 Ne8 34.
Nxe6 fxe6 35. Re7 Ng7 36. Rb7 Nf5 37. Rb6 Ne7 38. Ba4 Kf6 39. Rxa6 Nf5 40. Kf1
Nd6 41. Rb6 Ke5 42. Bc6 Nf5 43. b5 Rf8 44. Ke2 Kd6 45. Rb7 Kc5 46. Rh7 e5 47.
Rxh5 Ne7 48. Rxe5 Nxc6 49. bxc6 Kxc6 50. Rg5 Re8+ 51. Kf1 Ra8 52. Rxg4 Kc5 53.
Ke2 Ra2 54. Kd2 Ra1 55. h5 Rf1 56. f4 Rf2+ 57. Kc1 Kb4 58. Kb2 1-0

[Event "SG Bochum 2 - SK Werther 1"]
[Site "NRW-Klasse - Gruppe 1 2019/20"]
[Date "2020.02.02"]
[Round "6.7"]
[White "Neumann, Marius"]
[Black "Prieb, Robert"]
[Result "1-0"]
[WhiteElo "1859"]
[BlackElo "1909"]
[PlyCount "57"]
[EventDate "2020.??.??"]
[SourceVersionDate "2020.03.16"]
[WhiteTeam "SK Werther 1"]
[BlackTeam "SG Bochum 2"]

1. f4 d5 2. Nf3 Nf6 3. e3 g6 4. Be2 Bg7 5. O-O O-O 6. d3 b6 7. Qe1 Bb7 8. Nbd2
c5 9. Qh4 Nc6 10. a3 Re8 11. e4 dxe4 12. dxe4 Nd4 13. Bd3 c4 14. Bxc4 Nxc2 15.
Ng5 e6 16. f5 h6 17. fxe6 Qd4+ 18. Kh1 hxg5 19. exf7+ Kf8 20. fxe8=Q+ Kxe8 21.
Qxg5 Bxe4 22. Nxe4 Qxe4 23. Bd2 Qxc4 24. Qxg6+ Kf8 25. Bh6 Bxh6 26. Qxh6+ Ke8
27. Qxf6 Nxa1 28. Re1+ Kd7 29. Re7+ 1-0

[Event "SK Münster 2 - SC Hansa Dortmund 2"]
[Site "NRW-Klasse - Gruppe 1 2019/20"]
[Date "2020.02.02"]
[Round "6.1"]
[White "Schiefelbusch, Dirk"]
[Black "Ortmeier, Leonhard"]
[Result "1/2-1/2"]
[WhiteElo "2072"]
[BlackElo "2223"]
[PlyCount "60"]
[EventDate "2020.??.??"]
[SourceVersionDate "2020.03.16"]
[WhiteTeam "SC Hansa Dortmund 2"]
[BlackTeam "SK Münster 2"]

1. d4 Nf6 2. Nf3 d5 3. c4 e6 4. cxd5 exd5 5. Nc3 c6 6. Bg5 h6 7. Bh4 Bf5 8. e3
Be7 9. Bd3 Bxd3 10. Qxd3 O-O 11. O-O Nbd7 12. Rab1 a5 13. h3 Ne4 14. Nxe4 Bxh4
15. Nxh4 Qxh4 16. Nd6 Ra7 17. Nf5 Qd8 18. Rfc1 Nf6 19. Ng3 Qe7 20. Qf5 Re8 21.
Rc5 a4 22. Rc2 Nd7 23. b4 Nb6 24. Rc5 Nc4 25. Rc1 a3 26. Qg4 Qe6 27. Nf5 Qf6
28. b5 g6 29. Ng3 Ra5 30. Qd7 Re7 1/2-1/2

[Event "SK Münster 2 - SC Hansa Dortmund 2"]
[Site "NRW-Klasse - Gruppe 1 2019/20"]
[Date "2020.02.02"]
[Round "6.2"]
[White "Quante, Lennart"]
[Black "Burchert, Wolfgang"]
[Result "1-0"]
[WhiteElo "2111"]
[BlackElo "2010"]
[PlyCount "79"]
[EventDate "2020.??.??"]
[SourceVersionDate "2020.03.16"]
[WhiteTeam "SK Münster 2"]
[BlackTeam "SC Hansa Dortmund 2"]

1. d4 Nf6 2. Nf3 e6 3. g3 d5 4. Bg2 Be7 5. O-O O-O 6. c4 dxc4 7. Qc2 a6 8. a4
Bd7 9. Qxc4 Bc6 10. Bg5 Nbd7 11. Nc3 h6 12. Bxf6 Nxf6 13. Rfe1 Qd6 14. e4 Qb4
15. Qxb4 Bxb4 16. Ne5 Be8 17. Nd3 Ba5 18. b4 Bb6 19. Nc5 Bc6 20. Rab1 Rfd8 21.
Red1 Rab8 22. a5 Ba7 23. d5 exd5 24. exd5 Be8 25. N5e4 Nxe4 26. Nxe4 b6 27.
Rbc1 bxa5 28. bxa5 f5 29. Rxc7 Ba4 30. Rdc1 Bd4 31. Nc5 Bb5 32. Ne6 Be5 33.
Nxd8 Bxc7 34. Rxc7 Rxd8 35. f4 Kf8 36. Kf2 Re8 37. Bf3 Rd8 38. Ke3 Re8+ 39. Kd4
Re1 40. Bh5 1-0

[Event "SK Münster 2 - SC Hansa Dortmund 2"]
[Site "NRW-Klasse - Gruppe 1 2019/20"]
[Date "2020.02.02"]
[Round "6.3"]
[White "Linker, Walter"]
[Black "Borrink, Joern"]
[Result "1/2-1/2"]
[WhiteElo "2002"]
[BlackElo "2144"]
[Annotator "Daniel"]
[PlyCount "139"]
[EventDate "2020.??.??"]
[SourceVersionDate "2020.03.16"]
[WhiteTeam "SC Hansa Dortmund 2"]
[BlackTeam "SK Münster 2"]

1. f4 d5 2. Nf3 Nf6 3. e3 g6 4. b3 Bg7 5. Bb2 O-O 6. Be2 c5 7. O-O Nc6 8. Ne5
Qc7 9. Nxc6 Qxc6 10. Bf3 b5 11. a4 b4 12. d3 Ba6 13. Qe1 Rad8 14. Nd2 Qc8 15.
Rb1 c4 16. bxc4 dxc4 17. Nxc4 Bxc4 18. dxc4 Qxc4 19. Bd4 Nd5 20. Bxd5 Rxd5 21.
Qxb4 Qxc2 22. Rfc1 Qe2 23. Re1 Qa6 24. Bxg7 Kxg7 25. Qxe7 Qxa4 26. Ra1 Qd7 27.
Rxa7 Qxe7 28. Rxe7 Rd2 29. Kf1 Rc8 $11 30. Re2 Rcc2 31. Rxd2 Rxd2 32. Rb7 Kf6
33. Rb5 h5 34. h3 Ra2 35. Kg1 Re2 36. Re5 Kg7 37. Kh2 h4 38. Kg1 f6 39. Re4 f5
40. Re5 Ra2 41. Re7+ Kh6 42. Re8 Kg7 43. Kf1 Rb2 44. Rd8 Ra2 45. Rd1 Kh6 46.
Re1 Kg7 47. Re2 Ra4 48. Kf2 Rb4 49. Kf3 Rb3 50. Ra2 Kh6 51. Rd2 Ra3 52. Ke2 Rb3
53. Rd6 Kg7 54. Rd7+ Kh6 55. Rd8 Kg7 56. Rd4 Rb2+ 57. Kf3 Rb3 58. Rd7+ Kh6 59.
Re7 Ra3 60. Re6 Rb3 61. g3 hxg3 62. Kxg3 Ra3 63. Kh4 Rb3 64. Re8 Ra3 65. Kg3
Ra1 66. Re6 Rg1+ 67. Kf2 Ra1 68. Kg3 Rg1+ 69. Kf2 Ra1 70. Kg3 1/2-1/2

[Event "SK Münster 2 - SC Hansa Dortmund 2"]
[Site "NRW-Klasse - Gruppe 1 2019/20"]
[Date "2020.02.02"]
[Round "6.4"]
[White "Virnyi, Julius"]
[Black "Krueger, Simon"]
[Result "1/2-1/2"]
[WhiteElo "2041"]
[BlackElo "2010"]
[PlyCount "34"]
[EventDate "2020.??.??"]
[SourceVersionDate "2020.03.16"]
[WhiteTeam "SK Münster 2"]
[BlackTeam "SC Hansa Dortmund 2"]

1. d4 f5 2. c4 Nf6 3. Nf3 g6 4. g3 Bg7 5. Bg2 O-O 6. O-O d6 7. Nc3 c6 8. Qc2
Nbd7 9. d5 cxd5 10. cxd5 Nc5 11. Be3 Nce4 12. Nxe4 fxe4 13. Ng5 Nxd5 14. Qxe4
Nxe3 15. Qxe3 Bf6 16. Ne6 Bxe6 17. Qxe6+ Kg7 1/2-1/2

[Event "SK Münster 2 - SC Hansa Dortmund 2"]
[Site "NRW-Klasse - Gruppe 1 2019/20"]
[Date "2020.02.02"]
[Round "6.5"]
[White "Prueske, Wolfgang"]
[Black "Kamp, Aaron"]
[Result "1-0"]
[WhiteElo "1998"]
[BlackElo "1816"]
[PlyCount "63"]
[EventDate "2020.??.??"]
[SourceVersionDate "2020.03.16"]
[WhiteTeam "SC Hansa Dortmund 2"]
[BlackTeam "SK Münster 2"]

1. e4 c5 2. Nf3 d6 3. Bb5+ Nd7 4. Ba4 Ngf6 5. O-O g6 6. Re1 Bg7 7. c3 O-O 8. d4
cxd4 9. cxd4 Nb6 10. Bb3 Bg4 11. Nc3 Rc8 12. h3 Be6 13. d5 Bd7 14. e5 dxe5 15.
Nxe5 Ne8 16. Bf4 Nd6 17. Qe2 Nf5 18. Rad1 a5 19. a4 Qe8 20. g4 Nh4 21. Bg3 Bf6
22. Ne4 Bxa4 23. Bxa4 Qxa4 24. Nxf6+ exf6 25. Bxh4 fxe5 26. Qxe5 Rfe8 27. Qg5
Qb3 28. d6 Qxh3 29. Bg3 h6 30. Qxa5 Nc4 31. d7 Nxa5 32. Rxe8+ 1-0

[Event "SK Münster 2 - SC Hansa Dortmund 2"]
[Site "NRW-Klasse - Gruppe 1 2019/20"]
[Date "2020.02.02"]
[Round "6.6"]
[White "Kamp, Adrian"]
[Black "Hillebrand, Carsten"]
[Result "1/2-1/2"]
[WhiteElo "1975"]
[BlackElo "1948"]
[PlyCount "103"]
[EventDate "2020.??.??"]
[SourceVersionDate "2020.03.16"]
[WhiteTeam "SK Münster 2"]
[BlackTeam "SC Hansa Dortmund 2"]

1. e4 c5 2. d4 cxd4 3. c3 d3 4. Bxd3 g6 5. c4 Bg7 6. Nc3 d6 7. h3 Nf6 8. Nf3
Nfd7 9. O-O O-O 10. Qe2 Nc6 11. Bg5 Bxc3 12. bxc3 Nde5 13. Nd4 f6 14. Be3 Nxd3
15. Qxd3 Ne5 16. Qe2 Qa5 17. f4 Nf7 18. Rab1 Nd8 19. c5 dxc5 20. Qc4+ Kg7 21.
Rb5 Qa6 22. Qxc5 Qd6 23. Qxd6 exd6 24. Rd5 Nf7 25. f5 Re8 26. Nb5 Rxe4 27. Nc7
Rxe3 28. Nxa8 Bxf5 29. Nc7 Bd7 30. c4 Re2 31. Rf2 Re1+ 32. Kh2 Re7 33. Nb5 Be6
34. Rd4 a6 35. Nc3 Rc7 36. Nd5 Bxd5 37. cxd5 Ne5 38. Rb2 f5 39. Rb3 b5 40. a4
Rc5 41. axb5 axb5 42. Rdb4 Rxd5 43. Rxb5 Rxb5 44. Rxb5 Kf6 45. Kg3 g5 46. Kf2
h5 47. Rb8 h4 48. Rf8+ Ke6 49. Rg8 Kf6 50. Rf8+ Ke6 51. Rg8 Kf6 52. Rf8+
1/2-1/2

[Event "SK Münster 2 - SC Hansa Dortmund 2"]
[Site "NRW-Klasse - Gruppe 1 2019/20"]
[Date "2020.02.02"]
[Round "6.7"]
[White "Zelt, Jens"]
[Black "Kubo, Thomas"]
[Result "1-0"]
[WhiteElo "2042"]
[BlackElo "1985"]
[Annotator "Daniel"]
[PlyCount "91"]
[EventDate "2020.??.??"]
[SourceVersionDate "2020.03.16"]
[WhiteTeam "SC Hansa Dortmund 2"]
[BlackTeam "SK Münster 2"]

1. d4 e6 2. Nf3 Nf6 3. Bf4 b6 4. c3 Bb7 5. h3 Be7 6. e3 d6 7. Nbd2 Nbd7 8. a4
a6 9. Be2 Rc8 10. O-O O-O 11. Bh2 Re8 12. Bc4 d5 13. Bd3 c5 14. Qb1 a5 15. Re1
g6 16. Bc2 Nb8 17. e4 Nc6 18. exd5 Qxd5 19. dxc5 Bxc5 20. Ne4 Nxe4 21. Bxe4 Qd7
22. Rd1 Qe7 23. Ne5 Nxe5 24. Bxb7 Qxb7 25. Bxe5 Red8 26. Qc2 Rd5 27. Rxd5 Qxd5
28. Bf6 e5 29. Qe2 Re8 30. Rd1 Qe6 31. Bg5 Qf5 $11 32. Be3 Bxe3 33. Qxe3 Qe6
34. Rd2 Kg7 35. g3 f5 36. Kh2 h5 37. h4 Re7 38. Rd8 Qc6 39. Rb8 Re6 40. Rd8 Qc7
41. Qd2 Qc6 42. Rd7+ Kg8 43. Ra7 f4 44. gxf4 exf4 45. Qd8+ Re8 46. Qd4 1-0

[Event "SK Münster 2 - SC Hansa Dortmund 2"]
[Site "NRW-Klasse - Gruppe 1 2019/20"]
[Date "2020.02.02"]
[Round "6.8"]
[White "Schroeder, Lennart"]
[Black "Wolffgang, Georg"]
[Result "1-0"]
[WhiteElo "1897"]
[BlackElo "1774"]
[PlyCount "81"]
[EventDate "2020.??.??"]
[SourceVersionDate "2020.03.16"]
[WhiteTeam "SK Münster 2"]
[BlackTeam "SC Hansa Dortmund 2"]

1. d4 Nf6 2. c4 c5 3. d5 e5 4. Nc3 d6 5. e4 Nbd7 6. Bd3 Be7 7. Nge2 h5 8. O-O
h4 9. f4 exf4 10. Bxf4 Nh5 11. Bc2 Nxf4 12. Nxf4 Ne5 13. Ba4+ Bd7 14. Bxd7+
Qxd7 15. Qe2 Qg4 16. Qxg4 Nxg4 17. b3 Bf6 18. Nfe2 Kd7 19. Rac1 Rae8 20. Rf4
Ne5 21. Rf5 Ng4 22. Rf4 Nh6 23. Rcf1 Bg5 24. R4f3 f6 25. Nf4 Nf7 26. Ne6 Bh6
27. Rf5 Ng5 28. Nxg5 Bxg5 29. Kf2 Re7 30. Ke2 g6 31. R5f3 f5 32. Kd3 f4 33. Ne2
Rhe8 34. Nxf4 Bxf4 35. Rxf4 g5 36. Rf7 Rxf7 37. Rxf7+ Re7 38. Rxe7+ Kxe7 39. e5
dxe5 40. Ke4 Kf6 41. h3 1-0

[Event "SG Kirchlengern 1 - SG Bünde 1"]
[Site "NRW-Klasse - Gruppe 1 2019/20"]
[Date "2020.02.02"]
[Round "6.2"]
[White "Braun, Peter"]
[Black "Brunke, Pascal"]
[Result "0-1"]
[WhiteElo "2037"]
[BlackElo "2040"]
[Annotator "Doe,John"]
[PlyCount "106"]
[EventDate "2020.??.??"]
[SourceVersionDate "2020.03.16"]
[WhiteTeam "SG Kirchlengern 1"]
[BlackTeam "SG Bünde 1"]

1. Nf3 f5 2. d3 Nc6 3. e4 e5 4. Nc3 Nf6 5. Bg5 Bb4 6. a3 Bxc3+ 7. bxc3 h6 8.
Be3 O-O 9. exf5 d5 10. Nh4 d4 11. cxd4 exd4 12. Bd2 Re8+ 13. Be2 Nd5 14. g3 Qe7
15. Kf1 Qf6 16. Bf3 Nde7 17. Be4 Nxf5 18. Nxf5 Bxf5 19. Bxf5 Qxf5 20. Kg2 Rf8
21. f3 Ne5 22. f4 Nd7 23. Qf3 b6 24. Rhe1 Rfe8 25. Re4 Qc5 26. Rae1 Nf6 27.
Rxe8+ Rxe8 28. Rxe8+ Nxe8 29. Qe2 Kf7 30. Bb4 Qc6+ 31. Kf2 Nf6 32. f5 a5 33.
Be7 Nd5 34. Bd8 Qd7 35. Qh5+ Kf8 36. Bh4 Ne3 37. f6 Qf7 38. Qxf7+ Kxf7 39. fxg7
Nxc2 40. Bd8 Nxa3 41. Bxc7 Nb5 42. Bf4 Kxg7 43. Kf3 Kg6 44. Ke4 Nc3+ 45. Ke5 b5
46. Bd2 b4 47. Kxd4 Ne2+ 48. Kc4 h5 49. d4 Kf5 50. d5 Ke5 51. Bf4+ Nxf4 52.
gxf4+ Kd6 53. f5 b3 0-1